000 00345nam a22001457a 4500
008 230622b ||||| |||| 00| 0 eng d
020 _a0121012808
041 _aeng
080 _2THIRD EDITION
_a159.9
082 _a159.9BIR
100 _a25
101 _aPSI
245 _aHANDBOOK OF THE PSYCHOLOGY OF AGING
_cBIRREN .E J
942 _2udc
_cBK
999 _c60032
_d60032